00379nam a2200121Ia 4500008004100000041000800041082002000049100001700069245010200086260004500188300000900233520001500242221007s9999 xx 000 0 und d aeng a658.312 44bKUL aKulkarni M M 2aA Study of the present status of employee empowerment in selected IT companies in and around pune c2010bTilak Maharashtra UniversityaPune a253p aHebalkar R